Summer Paralympic Sports: Sudden Death - Statistics

General Stats
  • This quiz has been taken 5 times
  • The average score is 14 of 23
Answers on the Grid
Answers color-coded by a green-red scale on the quiz's grid according to % correct below.
Para Taekwondo
Para Table Tennis
Shooting Para Sport
Para Gymnastics
Blind Football
Para Sailing
Para Golf
Wheelchair Hockey
Para Badminton
Blind Baseball
Para Skateboarding
Para Climbing
Para Rowing
Sitting Beach Volleyball
Wheelchair Boxing
Para Surfing
Wheelchair Basketball
Para Water Polo
Para Modern Pentathlon
Para Athletics
Para Cycling
Wheelchair Squash
Goalball
Wheelchair Tennis
Para Triathlon
Para Diving
Boccia
Para Canoe
Sitting Volleyball
Para Fencing
Para Powerlifting
Para Equestrian
Wheelchair Rugby
Para Swimming
Para Archery
Para Judo
 
Answer Stats
Answer % Correct
Para Fencing
100%
Blind Football
80%
Para Archery
80%
Para Cycling
80%
Para Swimming
80%
Para Table Tennis
80%
Wheelchair Basketball
80%
Wheelchair Tennis
80%
Goalball
60%
Para Athletics
60%
Para Canoe
60%
Para Powerlifting
60%
Para Rowing
60%
Para Triathlon
60%
Shooting Para Sport
60%
Sitting Volleyball
60%
Wheelchair Rugby
60%
Boccia
40%
Para Taekwondo
40%
Para Badminton
20%
Para Climbing
20%
Para Equestrian
20%
Para Judo
20%
No matching quizzes found
Score Distribution
Percent of People with Each Score
Percentile by Number Answered
Your Score History
You have not taken this quiz